00787 2200217 4500001002100000005001500021035002000036007000300056008004100059020002200100082001000122084001600132100001900148245008500167250001100252260004500263300004900308650001500357520018100372990001600553INLIS00000000000002720220514081400 a0010-0522000009ta220514 b 0 ind  a978-602-01-1957-1 a372.7 a372.7 NAN m0 aNanang Priatna1 aMatematika :buntuk Sekolah Dasar/Madrasah Ibtidaiyah Kelas VI /cNanang Priatna aRevisi aBandung :bGrafindo Media Pratama,c2018 a130 halaman :bilustrasi berwarna ;c29,5 cm 4aMatematika aPelajaran Matematika sangat penting untukmu. Kamu dapat menggunakan Matematika dalam kegiatan sehari-hari. Misalnya, membeli barang, membuat kue, dan membaca jadwal pelajaran. a00000000025